[Event "ARM-ch"]
[Site "Yerevan"]
[Date "1995.??.??"]
[Round "1"]
[White "Akopian, Vladimir Eduardovic"]
[Black "Lputian, Smbat G"]
[Result "1-0"]
[WhiteElo "2625"]
[BlackElo "2585"]
[Annotator "Chekhov,V"]
[PlyCount "77"]
[EventDate "1995.08.??"]
[EventType "tourn"]
[EventRounds "11"]
[EventCountry "ARM"]
[EventCategory "10"]
[SourceTitle "CBM 050"]
[Source "ChessBase"]
[SourceDate "1996.02.01"]
[SourceVersion "1"]
[SourceVersionDate "1996.02.01"]
[SourceQuality "1"]

1. Nf3 d5 2. g3 g6 3. Bg2 Bg7 4. d4 Nf6 5. c4 O-O 6. cxd5 Nxd5 7. O-O Nc6 8. e4
Nb6 9. d5 Na5 10. Nc3 c6 11. Bg5 Nac4 12. Qe2 h6 13. Bf4 g5 (13... cxd5 $5 14.
exd5 Bg4 (14... g5 15. Bc1 Bg4 16. h3 Bh5 17. Rd1 Rc8 18. g4 Bg6 19. Nd4 Qd7
20. b3 Nd6 21. Bb2 Rfe8 22. a4 $14 {Stangl,M-Lucke,N/Altensteig/1989/1|0/26/})
15. h3 Bxf3 16. Bxf3 Rc8 17. Rac1 g5 18. Be3 Nxe3 19. Qxe3 Nc4 20. Qe2 Qa5 21.
d6 $132 {Alieva,E-Gaffney,M/Moscow/1991/0,5/50/}) (13... e5 $5 14. dxe6 (14.
Bc1 $6 cxd5 15. Nxd5 Nxd5 16. exd5 Nd6 17. Rd1 Bg4 18. h3 Bxf3 19. Qxf3 Rc8 $15
{Stempin,A-Aagaard,J/Lyngby/1990/0,5/42/}) 14... Bxe6 15. Rad1 Qe7 16. Nd4 Bd7
17. h3 Rad8 $10 {Baburin,A-Belov,I/Andropov/1986/0,5/33/}) 14. Bc1 cxd5 15.
Nxd5 Bg4 16. h3 Bxf3 17. Bxf3 Rc8 18. Rb1 e6 (18... Nxd5 19. exd5 Nd6 20. Be3
$14) 19. Ne3 (19. Nxb6 $5 Qxb6 20. b3 Qb4 $6 (20... Ne5 21. Bg2 Rfd8 22. Be3
$14) 21. Bxg5 hxg5 22. bxc4 Qxc4 23. Qxc4 Rxc4 24. Rxb7 Ra4 25. Rd1 Rxa2 26.
Rdd7 a5 27. Bh5 $16) 19... Qe7 20. Rd1 Rc7 21. b3 (21. Nxc4 Nxc4 22. b3 Na3 23.
Bxa3 Qxa3 $15) 21... Na3 22. Bxa3 Qxa3 23. e5 $1 Nd7 (23... Bxe5 24. Nf5 exf5
25. Qxe5 Qc5 26. Qf6 $36) 24. Ng4 Rfc8 25. Rd2 Rc1+ 26. Rxc1 Qxc1+ 27. Kg2 Qc7
28. Qb5 Nxe5 29. Nxe5 Qxe5 (29... Bxe5 30. Rd7 Qc5 31. Qxb7 Rc7 32. Rd8+ Kg7
33. Qa8 $36) 30. Qxb7 Qc7 31. Rd7 Qxb7 32. Bxb7 (32. Rxb7 Bd4 33. Bh5 Rc2 34.
Bxf7+ Kf8 35. Bxe6 Rxf2+ $10) 32... Rc2 33. Bf3 Bf8 (33... Rxa2 $6 34. Bh5 f5
35. Bf7+ Kh8 36. Bxe6 Bf8 37. Rf7 Bc5 38. Rxf5) 34. Bh5 Bc5 35. Bxf7+ Kf8 36.
Bxe6 Rxf2+ 37. Kh1 Rf1+ 38. Kg2 Rf2+ 39. Kh1 $138 {Time, The position is equal.
} (39. Kh1 Rf1+ 40. Kg2 Rf2+ $10) 1-0

[Event "Dortmund-A"]
[Site "Dortmund"]
[Date "1989.??.??"]
[Round "?"]
[White "King, Daniel J"]
[Black "Kindermann, Stefan"]
[Result "1/2-1/2"]
[WhiteElo "2500"]
[BlackElo "2515"]
[Annotator "ChessBase"]
[PlyCount "93"]
[EventDate "1989.03.??"]
[EventType "tourn"]
[EventRounds "11"]
[EventCountry "GER"]
[EventCategory "11"]
[SourceTitle "CBM 013"]
[Source "ChessBase"]
[SourceDate "1989.12.01"]
[SourceVersion "1"]
[SourceVersionDate "1989.12.01"]
[SourceQuality "1"]

1. d4 Nf6 2. Nf3 g6 3. c4 Bg7 4. g3 O-O 5. Bg2 d5 6. cxd5 Nxd5 7. O-O Nb6 8.
Nc3 Nc6 9. e3 e5 10. d5 Na5 11. e4 c6 12. Bg5 f6 13. Be3 Bg4 $5 {Ftacnik; N} (
13... cxd5 14. exd5 Bg4 15. Bc5 {Vaganian,R-Kasparov,G/Barcelona WCup/1989/1/
2-1/2/43/ -> CBM 12/S.77}) 14. h3 Bxf3 15. Qxf3 cxd5 16. Nxd5 Nac4 17. Nxb6
Nxe3 18. Nxa8 Nxf1 19. Bxf1 Qxa8 $14 20. Rc1 Rc8 21. Rd1 Rc7 22. Rd6 Qf8 23.
Qd1 Qe7 24. b3 Bf8 25. Rd8 Kg7 26. Bc4 b5 $1 27. Bxb5 Rc1 $1 $10 28. Qxc1 Qxd8
29. Qe3 Qb6 30. Qxb6 axb6 31. Kf1 Bc5 32. Ke2 Kf7 33. Bc4+ Ke7 34. Bg8 h6 35.
h4 Kf8 36. Bd5 Ke7 37. a4 Bb4 38. Bb7 Bc5 39. Bc8 Kd8 40. Ba6 Ke7 41. Kf3 Kf7
42. Kg2 Ke7 43. f3 Bb4 44. Kh3 Be1 45. Kg4 Ke8 46. f4 Ke7 47. fxe5 1/2-1/2

[Event "Passau op 2nd"]
[Site "Passau"]
[Date "1994.??.??"]
[Round "?"]
[White "Jasnikowski, Zbigniew"]
[Black "Ftacnik, Lubomir"]
[Result "0-1"]
[WhiteElo "2475"]
[BlackElo "2565"]
[Annotator "ChessBase"]
[PlyCount "70"]
[EventDate "1994.??.??"]
[EventType "swiss"]
[EventRounds "7"]
[EventCountry "GER"]
[SourceTitle "EXT 1999"]
[Source "ChessBase"]
[SourceDate "1998.11.16"]
[SourceVersion "1"]
[SourceVersionDate "1998.11.16"]
[SourceQuality "1"]

1. d4 Nf6 2. c4 g6 3. Nf3 Bg7 4. g3 O-O 5. Bg2 d5 6. cxd5 Nxd5 7. O-O Nb6 8.
Nc3 Nc6 9. e3 Re8 10. Re1 $6 (10. d5 Na5 11. Nd4) 10... a5 $1 (10... e5 11. d5)
11. Nd2 $6 (11. h3) 11... e5 12. d5 Nb4 13. e4 c6 14. Nf1 cxd5 15. exd5 Bd7 16.
a3 Na6 17. Ne4 Bf5 18. Ne3 $2 (18. Bg5 f6 19. Bd2 Nxd5 20. Qb3) 18... Bxe4 $1
19. Bxe4 Nc5 20. f3 $2 (20. Bg2 e4 (20... a4) 21. f3) 20... f5 21. Bb1 e4 22.
fxe4 Nxe4 23. Ba2 Qd6 24. Ng2 Nd7 25. Rb1 Ne5 26. Nf4 $2 (26. Ne3) (26. Bf4)
26... Ng4 $1 27. Re2 g5 $1 28. Nh5 Bh8 29. Kg2 Rac8 30. Bd2 Kf7 $1 31. h3 (31.
Bxa5 Kg6 32. Bb4 Qb6) 31... Ngf6 32. Rxe4 Nxe4 33. Bxa5 Kg6 34. g4 Qc5 35.
gxf5+ Kh6 0-1

[Event "URS-ch FL56"]
[Site "Simferopol"]
[Date "1988.??.??"]
[Round "?"]
[White "Malaniuk, Vladimir P"]
[Black "Dvoirys, Semen I"]
[Result "1-0"]
[WhiteElo "2520"]
[BlackElo "2440"]
[Annotator "ChessBase"]
[PlyCount "81"]
[EventDate "1988.11.??"]
[EventType "tourn"]
[EventRounds "17"]
[EventCountry "URS"]
[EventCategory "10"]
[SourceTitle "CBM 011"]
[Source "ChessBase"]
[SourceDate "1989.08.01"]
[SourceVersion "1"]
[SourceVersionDate "1989.08.01"]
[SourceQuality "1"]

1. d4 Nf6 2. c4 g6 3. Nf3 Bg7 4. g3 d5 5. cxd5 Nxd5 6. Bg2 Nb6 7. O-O O-O 8.
Nc3 Na6 $6 {üblich ist 8...Nc6} 9. Bf4 c5 10. d5 $1 c4 $6 (10... Bxc3 $6 11.
bxc3 Qxd5 12. Qc1 $132) 11. Qd2 $1 (11. e4 Bg4 12. Qd2 Bxf3 13. Bxf3 Nc5 14.
Rad1 Nbd7 15. Be2 Rc8 16. Be3 {Vorbereitete Neuerung gegenüber der früheren
Partie Yurtaev-Dvoirys (16.Bh6), die ein vorläufiges Bauernopfer einschliesst.}
(16. Bh6 Bxh6 17. Qxh6 Qb6 18. Rd2 Ne5 19. Kg2 Ncd3 $13 {Yurtaev,L-Dvoirys,S/
URS-FL56 Simferool/1988/remis/112/ ->}) 16... Bxc3 17. bxc3 Nxe4 18. Qd4 Ndf6
19. Bxc4 $5 (19. Bh6 $5 Re8 20. g4 Qa5 $3 $13) 19... b5 $1 20. Bxb5 Nxc3 $17 {
Savcenko,S-Dvoirys,S/URS-FL56 Simferopol/1988/0-1/42/ ->}) 11... Bxc3 12. bxc3
$5 (12. Qxc3 $5 Nxd5 13. Qxc4 Nxf4 14. Qxf4 $14) 12... Qxd5 13. Nd4 Qa5 14.
Rab1 Bd7 15. Bxb7 $14 Rad8 16. Bh6 Rfe8 17. Qe3 Nc7 18. Nc6 Bxc6 19. Bxc6 Ncd5
20. Qg5 f6 21. Qg4 f5 22. Qh4 Nxc3 23. Rxb6 $1 Rd4 24. Qg5 axb6 25. Bxe8 Nxe2+
26. Kg2 $16 Qa8+ 27. f3 Nf4+ 28. gxf4 Qxe8 29. Re1 Rd2+ 30. Kg1 Kf7 31. Bg7 Qd7
32. Bc3 Rd1 33. Qh4 Rxe1+ 34. Qxe1 b5 35. Kg2 Qa7 36. Qd2 Qa8 37. Bb4 Qc6 38.
a3 Qe6 39. Kg3 h6 40. Kf2 Qc6 41. Qd4 1-0

[Event "Vrsac"]
[Site "Vrsac"]
[Date "1989.??.??"]
[Round "1"]
[White "Miralles, Gilles"]
[Black "Damljanovic, Branko"]
[Result "0-1"]
[WhiteElo "2445"]
[BlackElo "2555"]
[Annotator "ChessBase"]
[PlyCount "104"]
[EventDate "1989.09.??"]
[EventType "tourn"]
[EventRounds "11"]
[EventCountry "YUG"]
[EventCategory "10"]
[SourceTitle "CBM 015"]
[Source "ChessBase"]
[SourceDate "1990.04.01"]
[SourceVersion "1"]
[SourceVersionDate "1990.04.01"]
[SourceQuality "1"]

1. c4 g6 2. Nc3 Bg7 3. g3 Nf6 4. Bg2 O-O 5. Nf3 d5 6. cxd5 Nxd5 7. O-O Nc6 8.
d4 Nb6 9. Bf4 Bg4 10. d5 Na5 11. Ne5 Bf5 12. e4 Bc8 13. Nd3 c6 14. Rc1 e6 15.
dxe6 Bxe6 16. Nc5 Qc8 17. b3 Bh3 18. e5 Bxg2 19. Kxg2 Rd8 20. Qe1 Nd5 21. Nxd5
Rxd5 22. e6 b6 23. exf7+ Kxf7 24. Ne4 Qd7 25. Qe2 h6 26. b4 Nb7 27. Qc4 g5 28.
Be3 Re8 29. Nc3 Bxc3 30. Rxc3 Re6 31. f4 Rf6 32. Bd4 $2 (32. fxg5 $18 Rxf1 33.
Qxf1+ Rf5 34. Qc4+ $18) 32... Nd6 $1 33. Qb3 Rff5 34. g4 $2 Rxf4 35. Rxf4+ gxf4
36. h3 Qe6 37. Bf2 Qe4+ $19 38. Rf3 h5 39. gxh5 Ke7 40. Qc3 Rg5+ 41. Kh2 Rxh5
42. Qg7+ Ke6 43. Qg4+ Rf5 44. a3 Nf7 45. Re3 Qxe3 46. Bxe3 fxe3 47. Qc4+ Ke7
48. Qxc6 Re5 49. Qc7+ Kf8 50. Qc8+ Re8 51. Qc3 e2 52. Qe1 Re4 0-1

[Event "Bundesliga 9900"]
[Site "Germany"]
[Date "1999.11.07"]
[Round "4.3"]
[White "Dautov, Rustem"]
[Black "Khalifman, Alexander"]
[Result "1/2-1/2"]
[WhiteElo "2597"]
[BlackElo "2628"]
[Annotator "Dautov,R"]
[PlyCount "45"]
[EventDate "1999.10.09"]
[EventType "team-tourn"]
[EventRounds "15"]
[EventCountry "GER"]
[SourceTitle "EXT 2000"]
[Source "ChessBase"]
[SourceDate "1999.11.16"]
[SourceVersion "1"]
[SourceVersionDate "1999.11.16"]
[SourceQuality "1"]
[WhiteTeam "Godesberg"]
[BlackTeam "Porz"]
[WhiteTeamCountry "GER"]
[BlackTeamCountry "GER"]

1. d4 Nf6 2. Nf3 g6 3. c4 Bg7 4. g3 d5 5. cxd5 Nxd5 6. Bg2 Nb6 7. Nc3 Nc6 8. e3
O-O 9. O-O Re8 10. d5 Na5 11. Nd4 Bd7 12. e4 c6 13. Bf4 $146 {Ein neuer
Versuch, in der Hauptvariante 13.b3 hat Schwarz einen sicheren Weg zum
Ausgleich.} (13. b3 cxd5 14. exd5 Rc8 15. Bb2 Nbc4 $1 16. bxc4 Qb6 17. Ne6 Nxc4
18. Nxg7 Nxb2 $11 {Kharitonov-Makarov/Russia (ch) 1994}) 13... Qc8 {Mit einer
Überraschung konfrontiert, findet der Weltmeister eine gute Fortsetzung.
Schwarz plant den Abtausch der weißfeldrigen Läufer.} (13... e5 14. dxe6 Bxe6
15. Nxe6 Rxe6 16. Qxd8+ Rxd8 17. Rad1 $14) (13... cxd5 14. exd5 Rc8 15. Rc1 $14
) (13... Bc8 $1 {Eine spätere Verbesserung von Khalifman, dieser erstaunlicher
Zug löst alle schwarzen Eröffnungsprobleme. Die Drohung e7-e5 zwingt die
weißen Leichtfiguren zum Rückzug.} 14. Nb3 (14. Nde2 cxd5 15. exd5 e5 16. Bc1
Nac4 17. b3 Nd6 18. a4 Bg4 19. Ba3 Nbc8 20. h3 Bxe2 21. Qxe2 a6 22. Rfd1 f5 $11
{1/2-1/2 Smejkal,J-Khalifman,A/BL9900}) 14... Nac4 15. Qc1 cxd5 16. exd5 Bf5
$11) 14. dxc6 (14. Rc1 Bh3 $132) (14. Re1 $5) 14... bxc6 ({Schwarz könnte auch
ohne Schwächungen auskommen:} 14... Nxc6 15. Nxc6 (15. Ndb5 Bh3 $11) 15... Bxc6
16. Qb3 Qg4 $1 17. h3 (17. Nd5 Bxd5 18. exd5 Qe2 $11) (17. Rad1 Rad8) 17... Qh5
$11) 15. e5 $2 {Weiß versperrt zwar den gegnerischen Läufer, schwächt aber zu
sehr die weißen Felder in seinem Lager. Gegen den schwarzen Isolani c6 sollte
man mit mehr Gefühl vorgehen.} (15. Nde2 $142 e5 16. Be3 $1 Nac4 17. Bc1 $14 {
/\b3}) 15... Bh3 16. Qe2 (16. Bxh3 Qxh3 17. b4 Nac4 18. Nxc6 h6 $44 {/\g5})
16... Bxg2 17. Kxg2 c5 18. Nf3 Nc6 $1 $11 {/\c4, Nb4-d3 Die richtige
Behandlung der Stellung, der Springer strebt nach d3. Schwarz hat vollen
Ausgleich.} 19. Rac1 (19. Qe4 c4 20. Rfd1 Nb4 21. Ne1 Qe6 22. a3 Na6 $1 {/\Nc5}
) (19. b3 c4 20. bxc4 Na5 $11) (19. Rad1 $142) 19... c4 20. a3 Na5 21. Nd4 Qb7+
(21... Rd8 22. Rcd1 Nb3 (22... Nd5 $2 23. Nxd5 Rxd5 24. Nf5 $1 Rd7 25. Nxg7
Kxg7 26. e6 $14) 23. Nxb3 cxb3 24. Rxd8+ Qxd8 25. Qb5 Qd4 26. Qxb3 Bxe5 $11)
22. Kg1 (22. Qf3 {würde zu einem ausgeglichenen Endspiel führen.} Qxf3+ (22...
Rac8 23. Qxb7 Nxb7 24. Ndb5 a6 25. Na7 Ra8 26. Nc6 Nc5 27. Be3 Rac8 28. Bxc5
Rxc6 29. Bd4 $11) 23. Kxf3 Red8 (23... Nb3 $6 24. Nxb3 cxb3 25. Nb5) 24. Rcd1
Rd7 25. Rd2 Rad8 26. Rfd1 $11) 22... Red8 23. Rcd1 {Mit einem Remisangebot.
Schwarz war auch nicht bereit, bei knapper Zeit Gewinnversuche zu unternehmen.}
(23. Rcd1 Nd5 24. Nxd5 Rxd5 25. Rd2 Rad8 26. Rfd1 $11) 1/2-1/2

[Event "Volgograd"]
[Site "Volgograd"]
[Date "1994.??.??"]
[Round "8"]
[White "Ayapbergenov, A."]
[Black "Shmuter, Leonid"]
[Result "1/2-1/2"]
[WhiteElo "2420"]
[BlackElo "2460"]
[Annotator "Ftacnik,L"]
[PlyCount "67"]
[EventDate "1994.??.??"]
[EventType "tourn"]
[EventRounds "13"]
[EventCountry "NED"]
[EventCategory "8"]
[SourceTitle "CBM 041"]
[Source "ChessBase"]
[SourceDate "1994.08.01"]
[SourceVersion "1"]
[SourceVersionDate "1994.08.01"]
[SourceQuality "1"]

1. d4 Nf6 2. Nf3 g6 3. c4 Bg7 4. g3 O-O 5. Bg2 d5 6. cxd5 Nxd5 7. O-O Nb6 8.
Nc3 Nc6 9. d5 Na5 10. Qc2 c6 11. dxc6 Nxc6 12. Rd1 Bf5 13. e4 Bd7 14. Nd5 Nxd5
15. exd5 Ne5 (15... Na5 $6 16. Qe2 $1 Ba4 17. Rd4 $1 Bxd4 18. Nxd4 e5 19. Qxe5
Re8 $6 (19... Nc4 $5 20. Qe2 Nd6 21. b3 Re8 22. Qd2 Bd7 23. Bb2 $14) 20. Ne6 $1
$18 {Ribli,Z-Rogozenko,D/Odorheiu Secuiesc (07)/1993/1-0 (28)}) 16. Nd4 (16.
Nxe5 Bxe5 17. Bh6 Bg7 18. Bxg7 Kxg7 19. Qc3+ Kg8 20. Qb4 $14) 16... Rc8 17. Qe4
(17. Qb3 Qa5 18. Bd2 Qa6 $132) 17... Rc4 18. Bg5 (18. b3 Bf5 19. Qh4 Rxd4 20.
Rxd4 Nc6 21. Rd2 Bxa1 22. dxc6 Qc7) 18... Bf5 19. Nxf5 $1 (19. Qe2 Bg4) 19...
Rxe4 20. Nxe7+ Kh8 21. Nxg6+ fxg6 22. Bxd8 Re2 23. f4 (23. Be7 Rfxf2 24. Bh1
Rxh2 (24... Bh6 25. Bc5 Rxh2 26. d6) 25. Rac1 h5 26. Bd6 (26. d6 $2 Rxh1+ $1
27. Kxh1 Nf3 $19) 26... Ng4 $132) 23... Rxd8 24. fxe5 Bxe5 25. Rab1 Rd6 (25...
Bxb2 26. d6 $14) 26. Re1 Rxe1+ 27. Rxe1 Bxb2 28. Re8+ Kg7 29. Re7+ Kh6 30. h4 (
30. Rxb7 Bd4+ 31. Kh1 Ra6 $10) 30... g5 (30... Rb6 31. Be4) 31. Kh2 (31. Be4
gxh4 32. Rxh7+ Kg5 33. Rxb7 Bd4+ 34. Kg2 hxg3 $10) 31... gxh4 32. gxh4 Bf6 33.
Rxb7 Ra6 $1 34. Be4 (34. Be4 Bxh4 35. Rxh7+ Kg5 $10) 1/2-1/2

[Event "Belgrade Investbank"]
[Site "Belgrade"]
[Date "1989.11.??"]
[Round "11"]
[White "Hjartarson, Johann"]
[Black "Popovic, Petar"]
[Result "0-1"]
[WhiteElo "2555"]
[BlackElo "2550"]
[Annotator "Ftacnik,L"]
[PlyCount "80"]
[EventDate "1989.11.??"]
[EventType "tourn"]
[EventRounds "11"]
[EventCountry "YUG"]
[EventCategory "15"]
[SourceTitle "CBM 016"]
[Source "ChessBase"]
[SourceDate "1990.06.01"]
[SourceVersion "1"]
[SourceVersionDate "1990.06.01"]
[SourceQuality "1"]

1. d4 Nf6 2. c4 g6 3. Nf3 Bg7 4. g3 O-O 5. Bg2 d5 6. cxd5 Nxd5 7. O-O Nb6 8.
Nc3 Nc6 9. d5 Na5 10. e4 c6 11. Bg5 h6 12. Bf4 cxd5 13. exd5 Nac4 14. Qe2 g5
15. Bc1 e6 $5 {N} 16. dxe6 (16. Rd1 exd5 17. Nxd5 Nxd5 18. Qxc4 Nb6 19. Qb3 Qf6
$15) (16. h4 $5) (16. a4 $5) 16... Bxe6 17. Rd1 (17. h4 g4 18. Nh2 Qc8 $13)
17... Qc8 18. Nd4 $6 (18. h4 Bg4 19. hxg5 Ne5 $132) 18... Bg4 19. Bf3 (19. f3
Bh5 20. Qf2 Rd8 $17) 19... Bh3 20. Nd5 Nxd5 21. Bxd5 Rd8 22. Nc6 $5 (22. Qxc4
Qxc4 23. Bxc4 Bxd4 $17) 22... bxc6 23. Bxc4 Qf5 24. Bd3 Qe5 25. Qxe5 Bxe5 26.
Bc2 c5 27. Re1 Bd4 28. Rb1 Rab8 29. b3 $2 (29. Be3 $5 Bxe3 30. Rxe3 Rb6 $17)
29... Rb6 30. Bb2 Bxb2 31. Rxb2 Kg7 32. Be4 c4 33. Rbb1 Rd4 34. Bg2 Bf5 35. Ra1
c3 36. Rac1 c2 37. Bf1 Rbd6 38. f3 Rd2 39. Be2 Re6 40. Kf1 Rexe2 {Ftacnik} 0-1

[Event "Elenite"]
[Site "Elenite"]
[Date "1995.??.??"]
[Round "6"]
[White "Tukmakov, Vladimir B"]
[Black "Topalov, Veselin"]
[Result "0-1"]
[WhiteElo "2600"]
[BlackElo "2670"]
[Annotator "Ftacnik,L"]
[PlyCount "134"]
[EventDate "1995.09.??"]
[EventType "tourn"]
[EventRounds "9"]
[EventCountry "BUL"]
[EventCategory "15"]
[SourceTitle "CBM 050"]
[Source "ChessBase"]
[SourceDate "1996.02.01"]
[SourceVersion "1"]
[SourceVersionDate "1996.02.01"]
[SourceQuality "1"]

1. d4 Nf6 2. Nf3 g6 3. c4 Bg7 4. g3 d5 5. cxd5 Nxd5 6. Bg2 O-O 7. O-O Nc6 8.
Nc3 Nb6 9. d5 Na5 10. Qc2 Nxd5 11. Rd1 c6 12. Ne1 (12. e4 Nb4 13. Qa4 (13. Qe2
Qc7 14. a3 Na6 15. Bf4 e5 16. Be3 Nb3 17. Rab1 h6 18. Qc2 Be6 19. Bf1 Nac5 20.
Bxc5 Nxc5 21. b4 Bg4 22. bxc5 Bxf3 {Tukmakov,V-Sanchez Almeyra,J/Zaragoza op ;
EXT 93op 1993/1-0 (38)}) 13... Qb6 (13... b5 14. Qxb4 (14. Rxd8 bxa4 15. Rxf8+
Kxf8 16. Nxa4 Nc4 17. Bf1 Bg4 18. Kg2 Bxf3+ 19. Kxf3 Ne5+ 20. Kg2 Rd8 21. Bf4
Ned3 22. Bxd3 Nxd3 23. Be3 Nxb2 24. Nxb2 Bxb2 25. Rb1 {1/2-1/2 Litinskaya Shul,
M-Qin Kanying/Subotica iztW (02) ;TD 93\02 1991 (30)}) 14... Bxc3 15. Rxd8 (15.
Qxc3 Qxd1+ 16. Ne1 Qd8 17. Bh6 f6 18. Bxf8 Kxf8 19. Nd3 Be6 20. Nc5 Bf7 21. e5
Nc4 22. exf6 exf6 23. b3 Nb6 24. Nb7 Qe7 25. Qxc6 {Foisor,O-Kleinplatz,S/
Hyeres op ;TD 92\11 1992/1-0 (59)}) 15... Bxb4 16. Rxf8+ Kxf8 17. Bh6+ Kg8 18.
e5 e6 19. Rd1 Bf8 20. Bxf8 Kxf8 21. Ng5 {1/2-1/2 Matthaei,A-Leissner,J/Porz op
(01) ;EXT 93op 1993 (28)}) 14. Bg5 (14. Be3 c5 15. a3 Nbc6 16. b4 Bxc3 17. Bxc5
Qc7 18. Rac1 Nc4 19. Rxc3 Nb2 20. Qc2 Nxd1 21. Qxd1 Rd8 22. Qc1 Bg4 23. h3 Bxf3
24. Bxf3 {Barbero,G-Banas,J/Belgrade GMA ;TD 88\07 1988/0-1 (64)}) 14... Na6
15. Bxe7 Re8 16. Nd5 Qxb2 17. Rab1 Nc4 18. Rxb2 Nxb2 19. Qb3 cxd5 20. Rxd5 Nc7
21. Ba3 Nxd5 22. exd5 {Grabarczyk,M-Babula,V/Pardubice op ;EXT 95op 1995/1-0 
(44)}) (12. Ng5 e6 13. e4 Nb4 14. Qa4 Qb6 15. Bf4 Nc4 16. Qb3 Na5 17. Qa4 Nc4
18. Qb3 Na5 {1/2-1/2 Beil,Z-Stohl,I/Stary Smokovec ;EXT 87 1987}) 12... Bd7 (
12... Bxc3 13. bxc3 Qc7 14. c4 Nf6 15. Bf4 e5 16. Bg5 Kg7 17. Qc1 Ng8 18. Nd3
Bg4 19. f3 Be6 20. Nc5 Rae8 21. Rb1 Bc8 22. Rb2 h6 23. Bd2 Rd8 {Lalic,B-Stone,
R/Groningen op (05) ;EXP 26 1991/1-0 (37)}) (12... Qe8 13. Bxd5 cxd5 14. Nxd5
Bf5 15. e4 Rc8 16. Qd2 Nc4 17. Qb4 Bxe4 18. Nxe7+ Kh8 19. Nxc8 Qxc8 20. Bg5 $16
{Sulava,N-Popovic,P/Jugoslavija/1990/}) (12... Be6 13. e4 Bg4 {Sulava,
N-Peshina,G/Budapest op/1990/} 14. Rd3 $18) 13. Nxd5 cxd5 14. Rxd5 e6 15. Rd3 (
15. Rd6 Qc8 16. Qxc8 Bxc8 17. Rd1 e5 18. Bd2 Nc6 19. Bxc6 bxc6 20. Bc3 Ba6 21.
Rd2 Rfd8 22. Rad1 Rxd2 23. Rxd2 Bc4 {1/2-1/2 Jurka,M-Daniliuk,S/Pardubice op 
(03) ;EXT 94op 1994 (31)}) (15. Bg5 f6 16. Rd3 fxg5 17. Rad1 Qb6 $13) 15... Rc8
(15... Qc8 16. Qxc8 (16. Bd2 Nc6 17. Bc3 e5 18. Rd2 Be6 19. Nd3 Bf5 20. Qb3 Qc7
21. Nb4 Nxb4 22. Qxb4 Rab8 23. Rad1 b6 24. a4 Rfe8 25. Bd5 {1-0 Mandel,
A-Trettin,U/BL2-S 9192 (1991) ;BL2 1992 (35)}) 16... Bxc8 17. Rb1 Nc6 18. Bd2
e5 19. Rd6 Bf5 20. Rc1 Rfd8 21. Rxd8+ Rxd8 22. Bg5 Rc8 23. h3 Nd4 24. Kf1 b6
25. Rxc8+ Bxc8 {Korpics,Z-Banas,J/HUN-chT1 9495 (09) ;EXT 95ch 1995/0-1 (47)})
16. Qd1 (16. Qd2 Nc4) 16... Rc7 17. Bf4 e5 18. Bg5 (18. Rc1 Nc6 19. Bd2 Qe7 20.
Be3 b6 21. Be4 Rfc8 22. Rdc3 f5 23. Bd5+ Kh8 24. Nf3 h6 25. h4 Be8 26. Qd2 Kh7
27. h5 gxh5 28. Nh4 f4 29. Qd3+ Kh8 30. Bxc6 {Schlosser,P-Fogarasi,T/Budapest
Elekes (07) ;EXT 92 1992/1-0 (41)}) 18... Qe8 (18... Qxg5 19. Rxd7 Rfc8 20.
Rxc7 Rxc7 21. Nd3 Bf8 22. Qa4 Nc4 23. Qxa7 Qd2 24. Qb8 Re7 25. b3 {1-0
Schlosser,P-Herbrechtsmeier,C/BL 9293 (1993) ;BL 90 1993 (34)}) 19. Rc1 (19. e4
h6 (19... Be6 $2 20. Bd8 $1 Rc5 21. b4 $18) 20. Bd2 Nc6 21. Nc2 Be6 $10) 19...
Rxc1 20. Bxc1 Bf5 $1 {Important improvement over the known forced line. Black
balances on tiny rope, but the positional rewards are worth it.} (20... Be6 21.
b3 e4 22. Bxe4 Bxb3 23. axb3 Qxe4 24. Ba3 (24. Nf3 h6 25. Be3 Nc6 26. Rd7 b6
27. Qc1 $5 Na5 28. Nd2 $6 (28. Bxh6 $1 Nxb3 29. Qg5 Nc5 30. Bxg7 Kxg7 31. Re7
Ne6 32. Qd2 $36) 28... Qe6 29. Rxa7 Nxb3 30. Nxb3 Qxb3 31. Qc6 Qd1+ 32. Kg2
Qxe2 {1/2-1/2 Ribli,Z-Ftacnik,L/Tilburg (01)/1994/}) 24... Re8 25. Qd2 b6 26.
Bb4 Qc6 27. Bxa5 bxa5 28. Rd8 Bf6 29. Qc2 Qe6 30. Rxe8+ Qxe8 $14 {Konopka,
M-Ftacnik,L/CSR chT/1994/}) (20... Bc6 21. e4 {xa5}) 21. e4 Be6 22. b3 Qb5 23.
Ba3 Re8 24. Rd8 Bf6 $1 (24... Bf8 $6 25. Bxf8 Rxf8 26. Rxf8+ Kxf8 27. Qd6+ Kg7
28. Bf1 $16) 25. Qd3 Qc6 26. Rxe8+ (26. Rd6 Qc7) 26... Qxe8 27. Nc2 Be7 28. Bc1
{White has little ground to believe, that his chances are better, since d5
weakness is fully compensated with character of the d4 spot.} (28. Bb2 Nc6 29.
Ne3) 28... Qc8 29. Be3 (29. Bd2 Nc6 30. Ne3 Bb4 $1 $10) 29... b6 30. Bf1 h5 31.
h4 Qc7 32. Kh2 f6 33. Bd2 Qc5 34. Ne3 (34. Be3 Qc6) 34... Nc6 35. Bh3 Bf7 36.
Qd7 Kg7 (36... Qd6 37. Qxd6 Bxd6 $10) 37. Kg2 Qd6 38. Nd5 $6 (38. Qxd6 Bxd6 $10
) 38... f5 39. Qxd6 Bxd6 40. Kf1 $6 (40. Nc3 Nd4 $15) 40... Bxd5 41. exd5 Ne7
42. Bg2 e4 43. f3 exf3 44. Bxf3 Bxg3 45. Bg5 Nc8 46. Ke2 $5 (46. Kg2 Be5 47.
Be3 $15) 46... Nd6 47. Kd3 (47. Ke3 Nf7 48. Be7 Bd6 49. Bxd6 Nxd6 50. Kf4 Kf6
51. Bg2 Nf7 $17) 47... Nf7 48. Be7 Ne5+ 49. Ke3 Nxf3 $1 50. Kxf3 Be5 51. Bb4
Kf7 52. a4 a6 (52... Bf6 53. Kg3 f4+ 54. Kxf4 Bxh4 55. a5 b5 56. a6 $1) 53. Bd2
Ke7 54. Be3 b5 55. axb5 axb5 56. Bc5+ Kd7 57. Bb4 Bf6 58. Kg3 f4+ $1 59. Kxf4 (
59. Kh3 f3 60. Kg3 Bxh4+ $19) 59... Bxh4 60. Ke4 Be7 61. Bd2 (61. Bxe7 Kxe7 $19
) 61... g5 62. Kf5 g4 63. Kf4 Bd6+ 64. Kg5 g3 65. Be3 Be5 66. Kxh5 g2 67. Bg1 (
67. Kg4 Bh2 $19) 67... Kd6 (67... Kd6 68. Kg4 Kxd5 69. Kf3 Bd4 70. Kxg2 Bxg1
71. Kxg1 Kc5 72. Kf2 Kb4 $19) 0-1